Online Catalogue and eLibrary

Refugee women / (Record no. 532)

MARC details
000 -LEADER
fixed length control field 00520pam a2200193 a 4500
001 - CONTROL NUMBER
control field 1558613
005 - DATE AND TIME OF LATEST TRANSACTION
control field 20240304011825.0
008 - FIXED-LENGTH DATA ELEMENTS--GENERAL INFORMATION
fixed length control field 920317s1992 enka b 001 0 eng
020 ## - INTERNATIONAL STANDARD BOOK NUMBER
ISBN 1856490009 (cloth)
020 ## - INTERNATIONAL STANDARD BOOK NUMBER
ISBN 1856490017 (paper)
040 ## - CATALOGING SOURCE (பட்டியலாக்க மூலம்)
Original cataloging agency DLC
Transcribing agency DLC
Modifying agency DLC
082 00 - DDC Classification
Class No. 323.334.
DDC Edition Number 20
Item Number - Author Mark REF.
100 1# - MAIN ENTRY--PERSONAL NAME
Personal name Martin, Forbes Susan.
245 10 - TITLE STATEMENT
Title Refugee women /
Statement of responsibility, etc. prepared by Susan Forbes Martin.
260 ## - PUBLICATION, DISTRIBUTION, ETC.
Place of publication, distribution, etc. London ;
Name of publisher, distributor, etc. Zed Books LTD,
Date of publication, distribution, etc. 1992.
300 ## - PHYSICAL DESCRIPTION
Extent (e.g. Volumes, Pages etc.) xii, 140 p. :
650 #0 - SUBJECT ADDED ENTRY--TOPICAL TERM
Topical term or geographic name entry element Women refugees.
942 ## - Koha item type (Biblio)
Koha item type Books in Stacks (Lending)
Holdings
Lost status Damaged status Collection code Home library Current library Date acquired Full call number Accession Number Item type
    Lending WERC Library WERC Library 03/04/2024 323.334. REF. 1165 Books in Stacks (Lending)

© WERC Library